[Event "AUTO-OPEN-1095"]
[Site "http://www.queenalice.com/game.php?id=388770"]
[Date "2008.4.16"]
[Round "1"]
[White "DrD"]
[Black "chamu"]
[Result "1-0"]
[WhiteElo "1912"]
[BlackElo "1661"]

1. e4 e5 2. Nf3 Nc6 3. d4 exd4 4. Nxd4 Qf6 5. Be3 Bc5 6. c3 Nh6 7. Be2 Qg6 8.
Bf3 Ne5 9. O-O Nxf3+ 10. Qxf3 O-O 11. Nd2 d6 12. N2b3 Bb6 13. a4 Be6 14. a5 Bxb3
15. axb6 Bc4 16. bxa7 Bxf1 17. Kxf1 Ng4 18. Qg3 Nxe3+ 19. Qxe3 c6 20. Nf5 Rfe8
21. Qb6 d5 22. Qxb7 Qe6 23. f3 dxe4 24. Nd4 Qc8 25. Qxc8 Rexc8 26. fxe4 Rc7 27.
b4 Rcxa7 28. Rxa7 Rxa7 29. Nxc6 Rb7 30. Ke2 Rb6 31. Nd4 Rh6 32. h3 Rh5 33. b5
Kf8 34. b6 Rc5 35. b7 1-0

[Event "AUTO-BEG-208"]
[Site "http://www.queenalice.com/game.php?id=388855"]
[Date "2008.4.16"]
[Round "1"]
[White "chamu"]
[Black "li2carpio"]
[Result "1-0"]
[WhiteElo "1788"]
[BlackElo "1258"]

1. d4 d5 2. e3 Nf6 3. Nc3 e6 4. Nf3 a6 5. Be2 Nc6 6. O-O Bd6 7. Bd3 h6 8. e4
dxe4 9. Nxe4 Nxe4 10. Bxe4 Bd7 11. d5 Ne5 12. Nxe5 Bxe5 13. dxe6 1-0

[Event "AUTO-BEG-208"]
[Site "http://www.queenalice.com/game.php?id=388856"]
[Date "2008.4.16"]
[Round "1"]
[White "li2carpio"]
[Black "chamu"]
[Result "0-1"]
[WhiteElo "1258"]
[BlackElo "1788"]

1. e4 e5 2. Bc4 Qh4 3. Nc3 Bc5 4. Qf3 Nf6 5. h3 O-O 6. g3 Qh6 7. d4 Bxd4 8. Bxh6
Ne8 9. Bd2 d6 10. Nge2 Nc6 11. a3 Be6 12. Bd5 Ne7 0-1

[Event "AUTO-BEG-208"]
[Site "http://www.queenalice.com/game.php?id=388857"]
[Date "2008.4.16"]
[Round "1"]
[White "chamu"]
[Black "mhr1989"]
[Result "1-0"]
[WhiteElo "1661"]
[BlackElo "1138"]

1. d4 d5 2. Nc3 Nc6 3. Nf3 Nf6 4. Bf4 Qd7 5. g3 e6 6. Ne5 Nxe5 7. Bxe5 c5 8. e3
cxd4 9. Qxd4 Rg8 10. Bb5 Qxb5 11. Nxb5 Rb8 12. Bxb8 a6 13. Nd6+ 1-0

[Event "AUTO-BEG-208"]
[Site "http://www.queenalice.com/game.php?id=388858"]
[Date "2008.4.16"]
[Round "1"]
[White "mhr1989"]
[Black "chamu"]
[Result "0-1"]
[WhiteElo "1138"]
[BlackElo "1661"]

1. e4 e5 2. Nf3 Nf6 3. Bd3 Nc6 4. Nc3 Bc5 5. Qe2 a6 6. O-O Nd4 7. Nxd4 Bxd4 8.
h3 c6 9. Kh2 d5 10. Re1 O-O 11. f3 Nh5 12. g4 Nf4 13. Qf1 Qh4 14. Ne2 Bf2 15.
Nxf4 Bxe1 0-1

[Event "AdvancedVariation"]
[Site "http://www.queenalice.com/game.php?id=393524"]
[Date "2008.4.26"]
[Round "-"]
[White "KasparovPadawan"]
[Black "chamu"]
[Result "0-1"]
[WhiteElo "1849"]
[BlackElo "1828"]

1. e4 e5 2. Nf3 Nc6 3. Bb5 Nf6 4. Nc3 Bc5 5. Bxc6 dxc6 6. Nxe5 Qd4 7. Nd3 Be7 8.
Qe2 O-O 9. O-O Bd6 10. Ne1 Bg4 11. Qe3 Qxe3 12. fxe3 Rfe8 13. d3 Rad8 14. Nf3 b5
15. a3 a6 16. Bd2 a5 17. Ne2 Bc5 18. Ned4 Bd7 19. Bxa5 Bb6 20. Bd2 c5 21. Nf5
Bxf5 22. exf5 c4 23. d4 Ne4 24. Bb4 c5 25. dxc5 Nxc5 26. Bxc5 Bxc5 27. Kh1 c3
28. b3 Rxe3 29. Rad1 Rxd1 30. Rxd1 Bxa3 31. Rd8+ Bf8 32. h3 Re2 33. Nd4 Rd2 34.
Nc6 f6 35. Kg1 Rxc2 36. Rd1 Rd2 37. Rc1 c2 38. Kf1 Rd1+ 39. Ke2 Rxc1 40. Kd2 Rg1
41. Kxc2 Rxg2+ 42. Kb1 Rd2 43. h4 Rd5 0-1

[Event "Partida Abril #74"]
[Site "http://www.queenalice.com/game.php?id=393960"]
[Date "2008.4.27"]
[Round "-"]
[White "SRIVERO"]
[Black "chamu"]
[Result "0-1"]
[WhiteElo "1793"]
[BlackElo "1736"]

1. e4 e5 2. Nf3 Nc6 3. Bb5 Nf6 4. d3 a6 5. Bxc6 dxc6 6. Nc3 Bd6 7. Bg5 h6 8.
Bxf6 Qxf6 9. O-O Qg6 10. Ne2 h5 11. a3 Bh3 12. Ng3 h4 13. gxh3 hxg3 14. fxg3
Rxh3 15. Kf2 O-O-O 16. Rg1 Bc5+ 17. Ke2 f5 18. Rg2 fxe4 19. Nxe5 Qg5 20. Nc4
exd3+ 21. cxd3 Re8+ 22. Kf1 Qf5+ 23. Rf2 Bxf2 0-1

[Event "Challenge"]
[Site "http://www.queenalice.com/game.php?id=394323"]
[Date "2008.4.27"]
[Round "-"]
[White "vasileC"]
[Black "chamu"]
[Result "0-1"]
[WhiteElo "1767"]
[BlackElo "1765"]

1. Nf3 d5 2. d4 Nf6 3. e3 Bg4 4. Bd3 Nbd7 5. Nbd2 e5 6. dxe5 Nxe5 7. Be2 Nxf3+
8. Bxf3 Bxf3 9. Qxf3 c6 10. O-O Bd6 11. c3 O-O 12. g3 Re8 13. a3 Qd7 14. Qg2
Rad8 15. b4 Qf5 16. Nf3 Qc2 17. Bd2 Qd3 18. Qh3 Ne4 19. Rad1 a5 20. Ne1 Qe2 21.
Ng2 Nxd2 22. Rfe1 Nf3+ 23. Kh1 Nxe1 24. Rxe1 Qxf2 25. Qg4 axb4 26. Qd1 bxa3 27.
Rf1 Qb2 28. Qf3 f6 29. Qg4 Qxc3 30. Nh4 a2 31. Nf5 g6 32. Nh6+ Kg7 33. Nf5+ Kh8
34. Nh6 a1=Q 35. Rxa1 Qxa1+ 36. Kg2 Ra8 37. Nf7+ Kg7 38. Qd7 Ra2+ 39. Kh3 Qf1+
40. Kh4 Re4+ 41. g4 Rxh2# 0-1

[Event "AUTO-INT-881"]
[Site "http://www.queenalice.com/game.php?id=394510"]
[Date "2008.4.28"]
[Round "1"]
[White "chamu"]
[Black "camilleetgeorges"]
[Result "1-0"]
[WhiteElo "1846"]
[BlackElo "1662"]

1. e4 e6 2. Nf3 d5 3. Bd3 dxe4 4. Bxe4 Nf6 5. Nc3 c6 6. O-O Be7 7. d3 Nxe4 8.
dxe4 O-O 9. Qxd8 Rxd8 10. Bf4 b5 11. Rfd1 Nd7 12. Bd6 Bxd6 13. Rxd6 Kf8 14. Rad1
Ke7 15. Ne5 f6 16. Nxc6+ 1-0

[Event "AUTO-INT-881"]
[Site "http://www.queenalice.com/game.php?id=394511"]
[Date "2008.4.28"]
[Round "1"]
[White "camilleetgeorges"]
[Black "chamu"]
[Result "0-1"]
[WhiteElo "1768"]
[BlackElo "1855"]

1. Nf3 d5 2. d4 Nf6 3. c4 dxc4 4. Nc3 e6 5. Bg5 Bb4 6. a4 c5 7. dxc5 Qxd1+ 8.
Rxd1 Bd7 9. e3 Ne4 10. Bf4 Nxc3 11. bxc3 Bxc3+ 12. Nd2 Na6 13. Bxc4 Nxc5 14. Bb5
Bxb5 15. axb5 Ne4 16. Ke2 Nxd2 17. Rxd2 Bxd2 18. Kxd2 Ke7 19. Bc7 b6 20. Rd1
Rac8 0-1

[Event "AUTO-INT-881"]
[Site "http://www.queenalice.com/game.php?id=394512"]
[Date "2008.4.28"]
[Round "1"]
[White "chamu"]
[Black "marcosbratz"]
[Result "1-0"]
[WhiteElo "1814"]
[BlackElo "1751"]

1. e4 e5 2. Nf3 Nc6 3. d3 Nf6 4. Bg5 Be7 5. Nc3 O-O 6. d4 Nxd4 7. Nxd4 exd4 8.
Qxd4 b6 9. e5 Ne8 10. Bd3 Bxg5 11. Qe4 f5 12. Qxa8 c6 13. Qxa7 d6 14. Rd1 d5 15.
O-O d4 16. Ne2 c5 17. Bc4+ Kh8 18. f4 Bh6 19. c3 g5 20. cxd4 cxd4 21. Rxd4 Qc7
22. Qxc7 Nxc7 23. Rd6 Bg7 24. g3 g4 25. Rxb6 Rd8 26. Rc1 Ne8 27. Rb8 Bf8 28. Bb3
Nd6 29. exd6 Bxd6 30. Rbxc8 1-0

[Event "AUTO-INT-881"]
[Site "http://www.queenalice.com/game.php?id=394513"]
[Date "2008.4.28"]
[Round "1"]
[White "marcosbratz"]
[Black "chamu"]
[Result "0-1"]
[WhiteElo "1737"]
[BlackElo "1798"]

1. e4 c5 2. Nf3 d6 3. Bb5+ Bd7 4. Bxd7+ Nxd7 5. O-O Ngf6 6. Re1 e6 7. d3 Be7 8.
Bg5 O-O 9. Nbd2 Nh5 10. Bxe7 Qxe7 11. c4 Nf4 12. Re3 Qf6 13. a4 b6 14. a5 Qxb2
15. axb6 axb6 16. Rxa8 Rxa8 17. g3 Ra1 18. Qxa1 Qxa1+ 19. Ne1 Nxd3 20. Rxd3
Qxe1+ 21. Kg2 Kf8 22. Rxd6 Ke7 23. Rc6 Qxd2 24. Rc7 Qa2 25. h4 Qa6 0-1

[Event "AUTO-INT-881"]
[Site "http://www.queenalice.com/game.php?id=394514"]
[Date "2008.4.28"]
[Round "1"]
[White "chamu"]
[Black "jumping"]
[Result "1-0"]
[WhiteElo "1788"]
[BlackElo "1596"]

1. e4 e5 2. Nc3 Nf6 3. Bc4 Bb4 4. Qf3 O-O 5. Nd5 Nxd5 6. Bxd5 d6 7. Nh3 c6 8.
Bb3 Na6 9. O-O Nc5 10. c3 Ba5 11. d4 Nxb3 12. axb3 b6 13. b4 Ba6 14. Rd1 Bc8 15.
bxa5 bxa5 16. dxe5 d5 17. exd5 cxd5 18. Rxd5 Bd7 19. Qg3 g6 20. Bh6 Re8 21. Rad1
Re7 22. Bg5 Qe8 23. Bxe7 Qxe7 24. Rxd7 Qc5 25. Rd8+ Rxd8 26. Rxd8+ Kg7 27. Ng5
a4 28. Ne6+ 1-0